000 004850000a22001810004500
003 LK-CoMWRAF
005 20231218092730.0
008 230817t1984 ||||| |||| 00| 0 eng d
040 _aLK-CoMWRAF
_dLK-CoMWRAF
_eLK-CoMWRAF
041 _aeng
082 _a954.93
_bGOO
100 _aGoonewardene, Florence de Alwis
245 _aAncient Sri Lanka and the World
260 _a[Rajagiriya]:
_b[Anura C Printers],
_c1984
300 _a96 p.
650 _aHISTORY-Sri Lanka
942 _cBK
999 _c1190
_d1190